000 00217nam a22000977a 4500
008 160613b xxu||||| |||| 00| 0 eng d
041 _aeng
080 _a618.2
245 _aThe RN course book:
_cKaplan;
942 _2udc
_cBK
999 _c2481
_d2481